Chybí státní bytová politika. Nízký podíl investic do bytové výstavby.
Skúmanie dôsledkov bytovej politiky na rozvoj bytovej výstavby ako jedného z odborov stavebnej výroby. Vo vyspelých západných štátoch je podiel bytovej výstavby na HDP okolo 5-7 perc., v ČSFR je to len 3 perc. Rozsah bytovej výstavby je vo vyspelých krajinách často rozhodujúci pre produkciu stavební...
Salvato in:
| Autore principale: | |
|---|---|
| Natura: | Capitolo di libro |
| Lingua: | ceco |
| Soggetti: | |
| Tags: |
Nessun Tag, puoi essere il primo ad aggiungerne!!
|
MARC
| LEADER | 00000naa a2200000 4500 | ||
|---|---|---|---|
| 001 | r010864 | ||
| 005 | 20220826094640.7 | ||
| 041 | 0 | |a cze | |
| 044 | |a [CS] | ||
| 245 | 1 | 0 | |a Chybí státní bytová politika. |b Nízký podíl investic do bytové výstavby. |c M. Plachký |
| 520 | |a Skúmanie dôsledkov bytovej politiky na rozvoj bytovej výstavby ako jedného z odborov stavebnej výroby. Vo vyspelých západných štátoch je podiel bytovej výstavby na HDP okolo 5-7 perc., v ČSFR je to len 3 perc. Rozsah bytovej výstavby je vo vyspelých krajinách často rozhodujúci pre produkciu stavebníctva. Údaje o poklese bytovej výstavby v ČSFR za r. 1989-1991. Nerovnovážny stav v bytovej výstavbe môže odstrániť iba správna štátna bytová politika. | ||
| 610 | 2 | 0 | |a byty |
| 610 | 2 | 0 | |a výstavba bytová |
| 610 | 2 | 0 | |a 1989-1991 |
| 610 | 2 | 0 | |a ČSFR |
| 610 | 2 | 0 | |a politika bytová |
| 610 | 2 | 0 | |a porovnanie štatistické |
| 610 | 2 | 0 | |a západná Európa |
| 610 | 2 | 0 | |a USA |
| 100 | 1 | |a Plachký, M. | |